Most Guessed Cities by State #1 - Statistics

General Stats
  • This quiz has been taken 88 times
  • The average score is 22 of 30
Answer Stats
State & City % Correct
California 100 Los Angeles
100%
California 97 San Francisco
96%
New York 99 New York City
95%
Florida 99 Miami
93%
California 90 Sacramento
91%
Florida 94 Orlando
89%
Washington 100 Seattle
89%
California 95 San Diego
88%
Minnesota 99 Minneapolis
84%
Florida 93 Tampa
84%
New York 83 Albany
83%
Florida 89 Jacksonville
82%
Florida 85 Tallahassee
79%
New York 81 Buffalo
78%
Wisconsin 97 Milwaukee
78%
Minnesota 97 St. Paul
78%
California 83 San Jose
75%
Washington 78 Olympia
74%
Wisconsin 95 Madison
72%
Wisconsin 88 Green Bay
64%
Washington 75 Tacoma
63%
New York 61 Syracuse
61%
New York 61 Rochester
59%
Minnesota 64 Rochester
59%
Washington 77 Spokane
54%
Minnesota 82 Duluth
49%
Washington 64 Vancouver
38%
Wisconsin 56 Eau Claire
36%
Wisconsin 57 Kenosha
36%
Minnesota 53 Bloomington
24%
No matching quizzes found
Score Distribution
Percent of People with Each Score
Percentile by Number Answered
Your Score History
You have not taken this quiz